UM Logo
Normal view MARC view
  • Army

Entry Topical Term

Number of records used in: 1

001 - CONTROL NUMBER

  • control field: 36601

003 - CONTROL NUMBER IDENTIFIER

  • control field: OSt

005 - DATE AND TIME OF LATEST TRANSACTION

  • control field: 20190206110451.0

008 - FIXED-LENGTH DATA ELEMENTS

  • fixed length control field: 190206|| aca||aabn | a|a d

040 ## - CATALOGING SOURCE

  • Original cataloging agency: OSt
  • Transcribing agency: OSt

150 ## - HEADING--TOPICAL TERM

  • Topical term or geographic name entry element: Army
  • Geographic subdivision: Philippines

670 ## - SOURCE DATA FOUND

  • Source citation: Work cat.: (OSt): Tangulang pambansa:, 2013-c2014.